99 “Words to Translate” of Increasing Difficulty - Statistics

General Stats
  • This quiz has been taken 279 times
    261 since last reset
  • The average score is 43 of 99
Answer Stats
% Language Hint Answer % Correct
100% Latin Aqua Water
100%
95% Latin Luna Moon
98%
98% Spanish Grande Big
97%
93% German Bibliothek Library
96%
97% Spanish Sombrero Hat
95%
96% German Danke Thanks
93%
91% Italian Verde Green
92%
85% Mandarin Ni Hao Hello
91%
74% Russian Nyet No
89%
92% Spanish Pan Bread
88%
99% French Chat Cat
86%
90% French Fin End
86%
75% Scottish Loch Lake
86%
83% Spanish Diablo Devil
83%
82% Japanese Sayōnara Goodbye
83%
76% Latin Corpus Body
82%
81% Spanish Naranja Orange
82%
58% Spanish Dinero Money
81%
72% Latin Rex King
74%
66% Latin Argentum Silver
73%
64% Latin Amicus Friend
71%
88% French Mercredi Wednesday
71%
87% Italian Donna Woman
71%
67% Spanish Corazón Heart
70%
73% French Monde World
70%
61% Latin Ovum Egg
69%
79% Greek Chronos Time
69%
80% French Gâteau Cake
68%
70% Greek Klepto Steal
68%
94% Dutch Moeder Mother
67%
52% Latin Vox Voice
67%
45% Portuguese Esposa Wife
63%
78% German Blume Flower
62%
53% Russian Babushka Grandmother
62%
63% French Vérité Truth
62%
48% Latin Bellum War
61%
43% Greek Anthropos Man
52%
51% Greek Phileo Love
50%
54% Spanish Palabra Word
49%
50% Italian Ragazza Girl
48%
35% French Ennui Boredom
46%
39% Hawaiian Ohana Family
46%
32% Hawaiian Mahalo Thank You
45%
86% Italian Treno Train
45%
40% Latin Cygnus Swan
44%
49% German Verboten Prohibited
43%
89% Dutch Zon Sun
43%
60% Italian Molto Much
41%
65% German Tasse Cup
40%
69% Dutch Zwart Black
38%
71% Dutch Kaas Cheese
37%
57% French Cerise Cherry
37%
37% Greek Ichthus Fish
37%
36% Latin Hibernum Winter
36%
84% Dutch Jaar Year
35%
34% Latin Caput Head
34%
62% Italian Sale Salt
33%
59% French Ours Bear
32%
38% Spanish Zorro Fox
32%
55% German Himmel Sky
32%
18% Spanish Décimo Tenth
31%
46% Italian Salsiccia Sausage
28%
77% Dutch Ziekenhuis Hospital
27%
31% Arabic Jihad Struggle
26%
17% Russian Mir Peace
25%
41% Spanish Gallo Rooster
25%
33% Spanish Científico Scientist
25%
68% German Fernseher Television
25%
29% Spanish Medusa Jellyfish
23%
21% Greek Gymnos Naked
23%
20% Latin Emptor Buyer
19%
47% Spanish Bombero Firefighter
18%
44% Italian Scarpa Shoe
18%
23% Italian Guido (name) Guy
16%
56% Dutch Gisteren Yesterday
15%
42% Italian Panna Cream
14%
26% Italian Lotta Fight
14%
28% Spanish Contador Accountant
13%
12% Spanish Brea Tar
11%
2% Latin Superus Above | Upper
10%
30% Italian Rucola Arugula
10%
25% French Paon Peacock
9%
13% French Cobaye Guinea pig
6%
15% German Gießen Pour
6%
16% German Lebhaft Lively
5%
9% Spanish Cartel Sign
5%
27% Italian Pigro Lazy
4%
14% Latin Diu Long
3%
24% Japanese Hotate Scallop
3%
11% Anglo-Saxon Scræf Cave
2%
22% Japanese Hamaguri Clam
2%
7% French Bouquetin Ibex
2%
19% Italian Aquilone Kite
2%
8% Dutch Overig Remaining
1%
3% Dutch Bazuin Bazooka
0%
10% Vietnamese Kiểm tra Check
0%
6% Dutch Verlof Furlough
0%
5% Spanish Taner Pluck
0%
4% Portuguese Puxa-puxa Taffy
0%
No matching quizzes found
Score Distribution
Percent of People with Each Score
Percentile by Number Answered
Your Score History
You have not taken this quiz since the last reset